|
|
|
|
| LEADER |
00711nam a2200181Ia 4500 |
| 008 |
150624b xxu||||| |||| 00| 0 eng d |
| 020 |
|
|
|a 0761994696
|
| 020 |
|
|
|a 761994696
|
| 082 |
|
|
|a 384.55095
|
| 245 |
|
|
|a Television in comtemporary Asia /
|c edited by David French
|
| 260 |
|
|
|a New Delhi :
|b Sage Publications,
|c 2000.
|
| 300 |
|
|
|a 457 p.
|
| 505 |
|
|
|a 1. Themes and issues. 2. Global trends and national television. 3. National identities and national contexts.
|
| 700 |
|
|
|a French, David
|e editor.
|
| 700 |
|
|
|a Richards, Michael
|e editor.
|
| 942 |
|
|
|c BK
|
| 999 |
|
|
|c 52157
|d 52157
|
| 952 |
|
|
|0 0
|1 0
|4 0
|6 384_550950000000000_FRE_T
|7 0
|9 52135
|a UL
|b UL
|c ST1
|d 2012-10-27
|l 0
|m 1
|o 384.55095 FRE/T
|p 75183
|r 2012-11-09
|w 2012-10-27
|y BK
|